[Event "SRB Central-chT qual"]
[Site "Nis"]
[Date "2014.10.03"]
[Round "3"]
[White "Simic, Petar S"]
[Black "Radosavljevic, Novica"]
[Result "1-0"]
[WhiteElo "1797"]
[BlackElo "2090"]
[PlyCount "161"]
[EventDate "2014.10.02"]
[EventType "team-tourn"]
[EventRounds "7"]
[EventCountry "SRB"]
[SourceTitle "CBM 163 Extra"]
[Source "ChessBase"]
[SourceDate "2014.12.23"]
[SourceVersion "1"]
[SourceVersionDate "2014.12.23"]
[SourceQuality "1"]

1. d4 d6 2. Nf3 Nd7 3. c4 e5 4. Nc3 c6 5. e4 Ngf6 6. Be2 Be7 7. 0-0 0-0 8. h3 Re8 9. d5 Nc5 10. Qc2 a5 11. Be3 Qc7 12. Nd2 Na6 13. a3 Bd7 14. Rfc1 Rec8 15. Qd1 Qd8 16. Na4 c5 17. Nc3 Nc7 18. Bg5 Rcb8 19. Bxf6 Bxf6 20. Nb5 Be7 21. Nxc7 Qxc7 22. a4 g6 23. b3 Rf8 24. Rab1 f5 25. Ra1 Bg5 26. Rc3 Kh8 27. Nf3 Bf6 28. Bd3 Rf7 29. Nh2 Raf8 30. Qc2 Bg7 31. Rf1 Qd8 32. Nf3 Bh6 33. Nh2 Bf4 34. Nf3 Bh6 35. Nh2 Qc8 36. Qd1 Rg7 37. Qc2 Bf4 38. Qd1 Qd8 39. Nf3 Qf6 40. Qe2 b6 41. Qc2 Bh6 42. Re1 f4 43. Be2 g5 44. Nh2 Rg6 45. Ng4 Qf7 46. Nh2 Rgg8 47. Qd1 Bg7 48. Bh5 Qe7 49. Bf3 Be8 50. Bg4 Bf7 51. Bh5 Qe8 52. Bg4 Bf6 53. Bf5 Kg7 54. Kf1 h5 55. Ke2 Bg6 56. Bxg6 Qxg6 57. f3 g4 58. hxg4 Bh4 59. Rh1 Kf7 60. Kd3 Bg3 61. gxh5 Qxh5 62. Ng4 Qg5 63. Nh6+ Kg6 64. Nxg8 Rxg8 65. Rh3 Kf6 66. Qh1 Bf2 67. Rh6+ Rg6 68. Rxg6+ Kxg6 69. Qh3 Qg3 70. Qxg3+ Bxg3 71. Rc1 Kg5 72. Rh1 Bh4 73. Ke2 Kh5 74. Rh3 Kg5 75. Kf1 Kh5 76. g3 fxg3 77. Kg2 Kg5 78. Rxg3+ Bxg3 79. Kxg3 Kg6 80. Kg4 Kf6 81. f4 1-0

[Event "SRB-chT2 East CS"]
[Site "Serbia"]
[Date "2011.10.13"]
[Round "6.45"]
[White "Floricelovic, Milos"]
[Black "Radosavljevic, Novica"]
[Result "0-1"]
[WhiteElo "2067"]
[BlackElo "2119"]
[PlyCount "130"]
[EventDate "2011.09.11"]
[EventType "team"]
[EventRounds "11"]
[EventCountry "SRB"]
[SourceTitle "EXT 2015"]
[Source "ChessBase"]
[SourceDate "2014.11.20"]
[SourceVersion "1"]
[SourceVersionDate "2014.11.20"]
[SourceQuality "1"]

1. e4 e5 2. Nf3 d6 3. d4 Nf6 4. dxe5 Nxe4 5. Bc4 c6 6. 0-0 d5 7. Bd3 Be7 8. Re1 Nc5 9. Be2 0-0 10. b3 f6 11. Bb2 fxe5 12. Nxe5 Nbd7 13. Nd2 Nxe5 14. Bxe5 Bf6 15. Bf3 Bxe5 16. Rxe5 Qf6 17. Qe1 Bf5 18. Rc1 Ne4 19. Rxf5 Qxf5 20. Nxe4 dxe4 21. Bxe4 Qf6 22. f3 Rad8 23. Bd3 Rfe8 24. Qd2 Qd4+ 25. Kh1 Qe3 26. Qxe3 Rxe3 27. Kg1 Kf7 28. Rd1 Kf6 29. Kf2 Re7 30. a4 g5 31. g3 h5 32. Rg1 Rd4 33. Ra1 Re5 34. Rg1 Ke6 35. Rd1 Kd6 36. Ra1 Kc5 37. Rc1 a6 38. Kg2 a5 39. Kf2 b5 40. axb5 cxb5 41. Ra1 Kb4 42. Kg2 a4 43. bxa4 bxa4 44. Bg6 Kc3 45. Ra2 Re2+ 46. Kh3 g4+ 47. fxg4 hxg4+ 48. Kh4 Rxh2+ 49. Kg5 Rh8 50. Bd3 Ra8 51. Kf5 Ra5+ 52. Ke6 a3 53. Kf6 Rb4 54. Bf5 Rb6+ 55. Kg5 Rb2 56. Rxa3+ Rxa3 57. Kxg4 Kd4 58. Kf4 Rb4 59. g4 Kd5+ 60. Kg5 Ke5 61. Bg6 Ra5 62. Bf5 Rb8 63. Kh4 Kf4 64. Kh3 Rxf5 65. gxf5 Kxf5 0-1

[Event "SRB-chT2 East"]
[Site "Pozarevac"]
[Date "2009.10.10"]
[Round "10.6"]
[White "Illijin, Neboisa"]
[Black "Radosavljevic, Novica"]
[Result "1-0"]
[WhiteElo "2228"]
[BlackElo "2119"]
[PlyCount "97"]
[EventDate "2009.09.06"]
[EventType "team"]
[EventRounds "11"]
[EventCountry "SRB"]
[SourceTitle "EXT 2012"]
[Source "ChessBase"]
[SourceDate "2011.11.24"]
[SourceVersion "1"]
[SourceVersionDate "2011.11.24"]
[SourceQuality "1"]

1. Nf3 d6 2. d4 Nf6 3. g3 g6 4. Bg2 Bg7 5. 0-0 0-0 6. c4 c6 7. Nc3 Nbd7 8. e4 e5 9. h3 a6 10. Be3 Re8 11. Qc2 b5 12. Rad1 Qa5 13. dxe5 dxe5 14. Nd2 Bf8 15. a3 b4 16. Nb3 Qc7 17. axb4 Bxb4 18. Na4 Nf8 19. Nb6 Rb8 20. Nxc8 Qxc8 21. c5 Ne6 22. Rd6 Rd8 23. Rfd1 Ne8 24. Rxd8 Nxd8 25. Bf1 a5 26. Kg2 Ne6 27. Nc1 Qc7 28. Nd3 Nf6 29. f3 Qe7 30. Nxe5 Qc7 31. Ng4 Nh5 32. f4 g5 33. e5 gxf4 34. gxf4 Nhxf4+ 35. Kf3 Ng6 36. Rd6 Qe7 37. Nf6+ Kh8 38. Kf2 Nef8 39. Qf5 Nxe5 40. Bd4 Nfg6 41. Ng4 Qh4+ 42. Kg2 Rg8 43. Bxe5+ Nxe5 44. Qxe5+ Rg7 45. Rxc6 Qd8 46. Qd6 Qe8 47. Bd3 f5 48. Bxf5 Qe2+ 49. Kg1 1-0

[Event "SRB-chT2 East"]
[Site "Serbia"]
[Date "2007.09.30"]
[Round "4.2"]
[White "Radosavljevic, Novica"]
[Black "Minic, Ivan"]
[Result "1/2-1/2"]
[WhiteElo "2116"]
[BlackElo "2122"]
[PlyCount "157"]
[EventDate "2007.09.09"]
[EventType "team"]
[EventRounds "11"]
[EventCountry "SRB"]
[SourceTitle "EXT 2012"]
[Source "ChessBase"]
[SourceDate "2011.11.24"]
[SourceVersion "1"]
[SourceVersionDate "2011.11.24"]
[SourceQuality "1"]
[WhiteTeam "Prokuplje Toplicanin"]
[BlackTeam "Zeleni Svrljig"]
[WhiteTeamCountry "SRB"]
[BlackTeamCountry "SRB"]

1. Nf3 d5 2. c4 c6 3. b3 Nf6 4. g3 Bf5 5. Bg2 e6 6. 0-0 h6 7. Bb2 Be7 8. d3 0-0 9. Nbd2 Nbd7 10. a3 b5 11. Nd4 Qb6 12. cxb5 cxb5 13. Nxf5 exf5 14. Nf3 Bd6 15. Qd2 Rfe8 16. Nd4 Re5 17. Rac1 Bc5 18. Nf3 Ree8 19. b4 Bf8 20. Nd4 g6 21. Rc6 Qb7 22. Rfc1 a6 23. Nxf5 gxf5 24. Bxf6 Nxf6 25. Rxf6 Qe7 26. Rxf5 Qxe2 27. Qxe2 Rxe2 28. Bxd5 Ra7 29. Rc6 Kg7 30. Rcf6 Ree7 31. Rb6 Red7 32. Be4 Rd6 33. Rxd6 Bxd6 34. Rd5 Be7 35. Bf5 Bf6 36. Rd7 Rxd7 37. Bxd7 Bb2 38. a4 bxa4 39. Bxa4 Bc3 40. b5 axb5 41. Bxb5 Kf6 42. Bc4 Ke7 43. Kf1 f6 44. Ke2 Bd4 45. f4 f5 46. Ba6 Kf6 47. Bb5 Bc5 48. Be8 Ke7 49. Bh5 Kf6 50. Kf3 Bd4 51. h3 Bc5 52. Be8 Bd4 53. Bd7 Bc5 54. g4 fxg4+ 55. hxg4 Bd4 56. Ke4 Ba7 57. Be8 Bb6 58. Bh5 Bc7 59. d4 Bd6 60. d5 Bc5 61. Be8 Bd6 62. Bd7 Bc7 63. Be8 Bd6 64. Bh5 Bc7 65. f5 Bd6 66. Kd4 Ba3 67. Kc4 Ke5 68. Bf7 Be7 69. Be6 Kd6 70. Kb5 Bf6 71. Kb6 Bg5 72. Kb5 Bf6 73. Kc4 Be7 74. Kd3 Bd8 75. Ke3 Bf6 76. Kf3 Bg5 77. Kg3 Bf6 78. Bf7 Bg5 79. Kf3 1/2-1/2

[Event "Serbia-ch"]
[Site "Vrnjacka Banja"]
[Date "2006.02.04"]
[Round "8"]
[White "Bozilov, Novica"]
[Black "Radosavljevic, Novica"]
[Result "0-1"]
[WhiteElo "2023"]
[BlackElo "2142"]
[PlyCount "110"]
[EventDate "2006.01.30"]
[EventType "swiss"]
[EventRounds "9"]
[EventCountry "YUG"]
[SourceTitle "CBM 110 Extra"]
[Source "ChessBase"]
[SourceDate "2006.03.10"]
[SourceVersion "2"]
[SourceVersionDate "2006.03.10"]
[SourceQuality "1"]

1. e4 d6 2. d4 g6 3. f4 c6 4. Nc3 Bg7 5. Nf3 Bg4 6. Be2 Qb6 7. e5 Nh6 8. Na4 Qa5+ 9. c3 b5 10. b4 Qxa4 11. Qxa4 bxa4 12. h3 Bf5 13. g4 Be4 14. Rf1 f5 15. Ng5 Bd5 16. e6 a5 17. Be3 0-0 18. c4 Be4 19. Nxe4 fxe4 20. b5 d5 21. cxd5 cxb5 22. Bxb5 Na6 23. Bxa4 Rfd8 24. Bc2 Nb4 25. Bxe4 Nxd5 26. Bg1 Rab8 27. f5 g5 28. Bxd5 Rxd5 29. 0-0-0 Kh8 30. Rf3 Ng8 31. Rc3 Nf6 32. Rc7 Re8 33. Be3 h6 34. Kc2 Rb5 35. Rc5 Reb8 36. Rxb5 Rxb5 37. Rb1 Rxb1 38. Kxb1 Nd5 39. Bd2 Bxd4 40. Bxa5 Kg7 41. Bd2 Kf6 42. Kc2 Ke5 43. Kd3 Nf6 44. a4 Kd5 45. a5 Ne4 46. a6 Nc5+ 47. Ke2 Nxa6 48. h4 Bf6 49. Kf3 Nc5 50. hxg5 hxg5 51. Be3 Nd3 52. Ba7 Ne5+ 53. Kg3 Ke4 54. Bc5 Nd3 55. Ba3 Ke3 0-1

[Event "Serbia-ch"]
[Site "Vrnjacka Banja"]
[Date "2006.02.02"]
[Round "6"]
[White "Nikolic, Stanimir"]
[Black "Radosavljevic, Novica"]
[Result "1/2-1/2"]
[WhiteElo "2306"]
[BlackElo "2142"]
[PlyCount "106"]
[EventDate "2006.01.30"]
[EventType "swiss"]
[EventRounds "9"]
[EventCountry "YUG"]
[SourceTitle "CBM 110 Extra"]
[Source "ChessBase"]
[SourceDate "2006.03.10"]
[SourceVersion "2"]
[SourceVersionDate "2006.03.10"]
[SourceQuality "1"]

1. d4 d6 2. c4 e5 3. Nf3 e4 4. Ng5 Nf6 5. Nc3 Bf5 6. Qc2 h6 7. Ngxe4 Nxe4 8. Nxe4 Qh4 9. Nxd6+ Bxd6 10. Qxf5 Bb4+ 11. Kd1 Qxd4+ 12. Kc2 Qxc4+ 13. Kb1 Nc6 14. e3 Qc5 15. Qxc5 Bxc5 16. Bb5 0-0-0 17. Bxc6 bxc6 18. Kc2 Rd6 19. Bd2 Rhd8 20. Bc3 f6 21. Raf1 Re8 22. Rd1 Rd5 23. Rd3 Red8 24. Rd2 Kd7 25. h4 Ke6 26. Re2 Kf7 27. Rh3 Re8 28. a3 Bb6 29. Rd2 Re4 30. Rh1 Re8 31. Kd1 Re6 32. Ke2 Red6 33. Rc1 Ke6 34. Rdc2 Kd7 35. Bb4 Re6 36. Bf8 Rh5 37. g3 Ke8 38. Bb4 a5 39. Be1 Kd7 40. Rc4 Rb5 41. R1c2 g6 42. Bc3 Rd5 43. Kf3 Rf5+ 44. Rf4 Rc5 45. Rd2+ Ke7 46. Rd1 Rb5 47. Re4 Rf5+ 48. Rf4 Rb5 49. Rg4 f5 50. Rc4 Rd6 51. Rc1 Kd7 52. Bg7 h5 53. R1c2 Rbd5 1/2-1/2

[Event "Belgrade Jezero op 09th"]
[Site "Belgrade"]
[Date "2003.08.22"]
[Round "9"]
[White "Radosavljevic, Novica"]
[Black "Skaric, Djuro"]
[Result "0-1"]
[WhiteElo "2048"]
[BlackElo "2120"]
[PlyCount "68"]
[EventDate "2003.08.14"]
[EventType "swiss"]
[EventRounds "9"]
[EventCountry "YUG"]
[SourceTitle "EXT 2004"]
[Source "ChessBase"]
[SourceDate "2003.11.25"]
[SourceVersion "1"]
[SourceVersionDate "2003.11.25"]
[SourceQuality "1"]

1. Nf3 Nf6 2. g3 d5 3. c4 c6 4. Bg2 g6 5. b3 Bg7 6. Bb2 0-0 7. 0-0 Bg4 8. d3 Nbd7 9. Nc3 e5 10. cxd5 Nxd5 11. Qd2 Re8 12. h3 Bxf3 13. Bxf3 Nc5 14. Nxd5 cxd5 15. d4 Ne4 16. Bxe4 dxe4 17. d5 Qd7 18. Kg2 Red8 19. Rfd1 Rac8 20. Rac1 Rxc1 21. Qxc1 f5 22. Qe3 b6 23. Qd2 f4 24. gxf4 exf4 25. Bxg7 f3+ 26. exf3 exf3+ 27. Kg1 Qxh3 28. Qg5 Kxg7 29. Rd4 Re8 30. Rd1 Re4 31. d6 Rg4+ 32. Qxg4 Qxg4+ 33. Kf1 Qe6 34. Kg1 Qh3 0-1

[Event "Belgrade Jezero op 09th"]
[Site "Belgrade"]
[Date "2003.08.18"]
[Round "5"]
[White "Radosavljevic, Novica"]
[Black "Aksentijevic, Malisa"]
[Result "0-1"]
[WhiteElo "2048"]
[BlackElo "2177"]
[PlyCount "93"]
[EventDate "2003.08.14"]
[EventType "swiss"]
[EventRounds "9"]
[EventCountry "YUG"]
[SourceTitle "EXT 2004"]
[Source "ChessBase"]
[SourceDate "2003.11.25"]
[SourceVersion "1"]
[SourceVersionDate "2003.11.25"]
[SourceQuality "1"]

1. Nf3 d5 2. c4 e6 3. g3 Nf6 4. Bg2 Be7 5. 0-0 0-0 6. b3 c5 7. Bb2 Nc6 8. e3 b6 9. Nc3 Bb7 10. Qe2 a6 11. d3 Qc7 12. Rac1 Rac8 13. Rfd1 Qb8 14. cxd5 exd5 15. Na4 Qa7 16. Bh3 Rcd8 17. d4 c4 18. bxc4 dxc4 19. e4 b5 20. Nc5 Bxc5 21. dxc5 Qxc5 22. Bxf6 gxf6 23. Bf5 Ne7 24. Nh4 Ng6 25. Qh5 Qe5 26. Nf3 Qc7 27. Re1 Rfe8 28. h4 Kh8 29. Nh2 Rg8 30. Ng4 Rg7 31. Qh6 Ne5 32. Nxe5 Qxe5 33. Rcd1 Rdg8 34. Re3 c3 35. Rc1 b4 36. Qh5 Bc8 37. Qf3 Bxf5 38. exf5 Qc5 39. Kg2 a5 40. Qe4 Rg4 41. Qb7 Qxf5 42. Qxf7 Rxh4 43. Qe6 Qxe6 44. Rxe6 Rc4 45. Rxf6 Rc7 46. Rb6 Rd8 47. Rb5 0-1

[Event "Nisa Seniorsko op"]
[Site "Nisa"]
[Date "2003.04.11"]
[Round "3"]
[White "Radosavljevic, Novica"]
[Black "Kajganovic, Miodrag"]
[Result "0-1"]
[WhiteElo "2054"]
[BlackElo "2269"]
[PlyCount "48"]
[EventDate "2003.04.09"]
[EventType "swiss"]
[EventRounds "9"]
[EventCountry "YUG"]
[SourceTitle "EXT 2004"]
[Source "ChessBase"]
[SourceDate "2003.11.25"]
[SourceVersion "1"]
[SourceVersionDate "2003.11.25"]
[SourceQuality "1"]

1. e4 e5 2. f4 Bc5 3. Nf3 d6 4. Bc4 Nc6 5. c3 Nf6 6. b4 Bb6 7. a4 a6 8. d4 0-0 9. 0-0 exd4 10. cxd4 Nxe4 11. Bd5 Nf6 12. Bxc6 bxc6 13. Qc2 Bg4 14. Bb2 Qd7 15. a5 Ba7 16. Nbd2 Nd5 17. Qa4 c5 18. bxc5 Qxa4 19. Rxa4 dxc5 20. dxc5 Bxc5+ 21. Bd4 Bd6 22. Ne5 Be2 23. Rf2 Bb5 24. Ra1 f6 0-1